Normal view MARC view

Entry Personal Name

Number of records used in: 1

001 - CONTROL NUMBER

  • control field: 7751

003 - CONTROL NUMBER IDENTIFIER

  • control field: OSt

005 - DATE AND TIME OF LATEST TRANSACTION

  • control field: 20211028144229.0

008 - FIXED-LENGTH DATA ELEMENTS

  • fixed length control field: 211028|| aca||aabn | a|a d

040 ## - CATALOGING SOURCE

  • Original cataloging agency: OSt
  • Transcribing agency: OSt

100 ## - HEADING--PERSONAL NAME

  • Personal name: Bandekar, Vivechana V; Godwin j, Benny.
  • Miscellaneous information: 1516180

670 ## - SOURCE DATA FOUND

  • Source citation: Work cat.: (OSt): Bandekar, Vivechana V; Godwin j, Benny. 1516180, Process of recruitment selection and its perception at Aditya Birla chemicals ( India) limited Karwar., 2017